Entry Nombre personal
001 - NÚMERO DE CONTROL
- campo de control: 149
003 - IDENTIFICADOR DE NÚMERO DE CONTROL
- campo de control: DLC
005 - FECHA Y HORA DE LA ÚLTIMA TRANSACCIÓN
- campo de control: 20260120091312.0
008 - ELEMENTOS DE DATO DE LONGITUD-FIJA
- campo de control de longitud fija: 790810n| azannaabn |a aaa
010 ## - NÚMERO DE CONTROL DE LA BIBLIOTECA DEL CONGRESO
- Número de control de LC: n 79066594
024 7# - IDENTIFICADOR DE OTROS ESTÁNDARES
- Número estándar o código: Q741873
- Fuente: wikidata
- URI de un objeto del mundo real: http://www.wikidata.org/entity/Q741873
035 ## - NÚMERO DE CONTROL DEL SISTEMA
- Número de control de sistema: (OCoLC)oca00299479
040 ## - FUENTE DE CATALOGACIÓN
- Centro catalogador/agencia de origen: DLC
- Lengua de catalogación: eng
- Normas de descripción: rda
- Centro/agencia transcriptor: DLC
- Centro/agencia modificador: DLC
- Centro/agencia modificador: NjP
- Centro/agencia modificador: OCoLC
- Centro/agencia modificador: DLC
- Centro/agencia modificador: CoU
- Centro/agencia modificador: InU
046 ## - FECHAS CON CODIFICACIÓN ESPECIAL
- Fecha de nacimiento: 1901-02-15
- Fecha de la muerte: 1983-04-13
- Fuente del esquema de fecha: edtf
053 #0 - NÚMERO DE CLASIFICACIÓN LC
- Número de clasificación–único número o número inicial del rango: PR6015.U476
100 1# - ENCABEZAMIENTO-NOMBRE DE PERSONA
- Nombre de persona: Humphreys, Christmas,
- Fechas asociadas al nombre: 1901-1983
370 ## - LUGAR ASOCIADO
- Lugar de nacimiento: Ealing (London, England)
- Lugar de fallecimiento: St. John's Wood (London, England)
- País asociado: Great Britain
- Fuente del término: naf
372 ## - CAMPO DE ACTIVIDAD
- Campo de actividad: Zen Buddhism
- Campo de actividad: Law
- Fuente del término: lcsh
373 ## - GRUPO ASOCIADO
- Grupo asociado: Buddhist Society (London, England)
- Fuente del término: naf
374 ## - OCUPACIÓN
- Ocupación: Lawyers
- Ocupación: Judges
- Ocupación: Authors
- Fuente del término: lcsh
377 ## - IDIOMA ASOCIADO
- Código del idioma: eng
378 ## - FORMA COMPLETA/DESARROLLADA DEL NOMBRE
- Forma completa/desarrollada del nombre: Travers Christmas
400 1# - TRAZADO DE VÉASE--NOMBRE DE PERSONA
- Nombre de persona: Humphreys, Travers Christmas,
- Fechas asociadas al nombre: 1901-1983
400 1# - TRAZADO DE VÉASE--NOMBRE DE PERSONA
- Nombre de persona: Humphreys, Christmas
- Forma completa/desarrollada del nombre: (Travers Christmas),
- Fechas asociadas al nombre: 1901-1983
670 ## - FUENTE DE DATOS ENCONTRADOS
- Cita de la fuente: His The great pearl robbery of 1913 ... 1929.
670 ## - FUENTE DE DATOS ENCONTRADOS
- Cita de la fuente: His The Buddhist way of action, 1989:
- Información encontrada: title page (Christmas Humphreys) Brit. CIP (Humphreys, Christmas, 1901-1983)
670 ## - FUENTE DE DATOS ENCONTRADOS
- Cita de la fuente: Taylor & Francis Group web site, Nov. 9, 2023:
- Información encontrada: abstract (Christmas Humphreys first published this autobiography in 1978 about his life, private and in public. He was a lawyer or a judge in many murder trials. Of equal interest is his 50 years' of work in the field of English Buddhism. In 1924 he and his wife founded the Buddhist Society which would become hugely influential in the spread of Buddhism throughout the West.)
- Identificador Uniforme de Recurso: https://www-taylorfrancis-com.colorado.idm.oclc.org/books/mono/10.4324/9780203099353/sides-circle-christmas-humphreys
670 ## - FUENTE DE DATOS ENCONTRADOS
- Cita de la fuente: Wikipedia, 28 Nov. 2023
- Información encontrada: (Christmas Humphreys; Travers Christmas Humphreys; b. 15 Feb. 1901 in Ealing, Middlesex; d. 13 Apr. 1983 in St. John's Wood, London; British barrister who also wrote on Mahayana Buddhism)